Capital Markets in India : Revitalising the Economy (Record no. 85030)

MARC details
000 -LEADER
fixed length control field 00568nam a2200217Ia 4500
008 - FIXED-LENGTH DATA ELEMENTS--GENERAL INFORMATION
fixed length control field 230125s9999 xx 000 0 und d
020 ## - INTERNATIONAL STANDARD BOOK NUMBER
International Standard Book Number 81-314-1174-x
041 ## - LANGUAGE CODE
Language code of text/sound track or separate title eng
082 ## - DEWEY DECIMAL CLASSIFICATION NUMBER
Classification number 658.159
Item number PAI
100 ## - MAIN ENTRY--PERSONAL NAME
Personal name Pain A K, Ed.
9 (RLIN) 108220
245 ## - TITLE STATEMENT
Title Capital Markets in India : Revitalising the Economy
250 ## - EDITION STATEMENT
Edition statement 1st Ed.
260 ## - PUBLICATION, DISTRIBUTION, ETC. (IMPRINT)
Date of publication, distribution, etc. 2007
Name of publisher, distributor, etc. ICFAI publication
Place of publication, distribution, etc. Hyderabad
300 ## - PHYSICAL DESCRIPTION
Extent 281p
440 ## - SERIES STATEMENT/ADDED ENTRY--TITLE
Title ICFAI
500 ## - GENERAL NOTE
Keywords Capital market
650 ## - SUBJECT ADDED ENTRY--TOPICAL TERM
Topical term or geographic name as entry element Financial Management
700 ## - ADDED ENTRY--PERSONAL NAME
Personal name Pain A K, Ed.
9 (RLIN) 108220
906 ## - LOCAL DATA ELEMENT F, LDF (RLIN)
b 143
Holdings
Withdrawn status Lost status Damaged status Not for loan Home library Current library Date acquired Vendor Cost, normal purchase price Bill number Total Checkouts Full call number Barcode Date last seen Cost, replacement price Bill Date Koha item type Original Barcode
        Smt. Hiraben Nanavati Institute of Management & Research for Women Smt. Hiraben Nanavati Institute of Management & Research for Women 29/09/2009 Word Book Shop 475.00 58   658.159 PAI B07740 HIMR-BK-7740 25/01/2023 332.00 15/09/2009 Books B07740